[Event "Quebec Capablanca"]
[Site "Quebec"]
[Date "2015.11.09"]
[Round "1"]
[White "Filion, Rene"]
[Black "Bluteau, Yvon"]
[Result "1-0"]
[WhiteElo "1544"]
[BlackElo "1971"]
[PlyCount "163"]
[EventDate "2015.11.09"]
[EventType "swiss"]
[EventRounds "5"]
[EventCountry "CAN"]
[SourceTitle "EXT 2022"]
[Source "ChessBase"]
[SourceDate "2021.10.06"]
[SourceVersion "1"]
[SourceVersionDate "2021.10.06"]
[SourceQuality "1"]

1. e4 d5 2. Nc3 dxe4 3. Nxe4 Nf6 4. Ng3 e5 5. Bc4 Bc5 6. N1e2 Nc6 7. c3 0-0 8. 0-0 a6 9. a3 h5 10. Qc2 Ng4 11. h3 Nf6 12. d3 h4 13. Ne4 Nxe4 14. dxe4 Qe7 15. b4 Ba7 16. Kh2 Be6 17. Bxe6 fxe6 18. Ng1 Rf7 19. Nf3 Qf8 20. Bg5 Rxf3 21. gxf3 Qxf3 22. Bxh4 Kf7 23. Rad1 Rh8 24. Bg3 Qh5 25. h4 g5 26. Qd3 Rd8 27. Qc2 gxh4 28. Rxd8 hxg3+ 29. Kxg3 Qg5+ 30. Kf3 Qxd8 31. Ke2 Qf6 32. Qd3 Ne7 33. f4 exf4 34. Qf3 e5 35. Rh1 Qg6 36. Rh5 Be3 37. Rxe5 Kf6 38. Qh5 Qg2+ 39. Kd3 Qd2+ 40. Kc4 b5+ 41. Kb3 Qd6 42. Qh8+ Kf7 43. Qh7+ Ke8 44. Qh8+ Kd7 45. Qh3+ Kc6 46. Re6 Nc8 47. Rxd6+ Nxd6 48. Qf3 Kb6 49. e5 Nc4 50. Qd5 f3 51. e6 f2 52. Qd1 Bg5 53. Qd4+ Kc6 54. Qxf2 Be3 55. Qf5 Kd6 56. Qg6 Nd2+ 57. Ka2 Nc4 58. Qe8 Nb6 59. Qf7 Bg5 60. Qf5 Be7 61. Qc5+ Kxe6 62. Qxc7 Nd5 63. Qc6+ Bd6 64. c4 bxc4 65. Qxc4 Ke5 66. Qxa6 Ke6 67. Kb3 Nc7 68. Qc6 Ke7 69. b5 Ne6 70. Qb7+ Bc7 71. Kc4 Kd8 72. b6 Bd6 73. a4 Nf8 74. a5 Nd7 75. Kd5 Bc5 76. Kc6 Ne5+ 77. Kxc5 Nd7+ 78. Kd6 Nxb6 79. Qc7+ Ke8 80. axb6 Kf8 81. b7 Kg8 82. b8Q# 1-0